000
00224pam a2200109 a 4500
020
_c
041
_a
eng
082
_a
620.8
_b
KHA
100
_a
Khan, Irfan Ali .
245
_a
Bioinformatics
_h
Textual Documents
930
_a
7188
999
_c
84099
_d
84099